000
00222nam a2200085Ia 4500
008
120527s9999 xx 000 0 und d
100
_a
KATHLOFF, Klaus
245
_a
Analysis of biological development 2nd edition
942
_c
BK
999
_c
25213
_d
25213